Normal view
MARC view
Entry Topical Term
001 - CONTROL NUMBER
- control field: 27628
003 - CONTROL NUMBER IDENTIFIER
- control field: OSt
005 - DATE AND TIME OF LATEST TRANSACTION
- control field: 20210924113608.0
008 - FIXED-LENGTH DATA ELEMENTS
- fixed length control field: 210924|| aca||aabn | a|a d
040 ## - CATALOGING SOURCE
- Original cataloging agency: OSt
- Transcribing agency: OSt
150 ## - HEADING--TOPICAL TERM
- Topical term or geographic name entry element: Hungary, Infrastructure, Institutionalism, Law, Market-building, Mortgage
670 ## - SOURCE DATA FOUND
- Source citation: Work cat.: (OSt): Simanyi, Lena, Pellandini Vargha, Zsuzsanna 27627, Legal infrastructures: How laws matter in the organization of new markets
